Responses for show #7798 - Wednesday, July 4, 2018

Contestants

Kate Brandt, a homeschool mom from Carmel, Indiana

Liz Howard, an assistant analyst from McLean, Virginia

Suzanne Koppelman, a museum education manager from New York, New York (whose 2-day cash winnings total $34,800)

Jeopardy! Round responses

SWITCH TO A COMPETING BRAND
(Alex: There will be a brand item mentioned in the clue. You have to replace that with the appropriate one.)
ON TV
AGRICULTURE
5, 5
(Alex: Each correct response will be two words of five letters each.)
"FIRE" WORKS
ON THE FOURTH OF JULY
    $200 11
Ford

Suzanne
    $200 6
the FBI

Kate
    $200 26
(Alex: Less than a minute now.)

erosion

Suzanne
    $200 13
water wings

Kate
    $200 1
Harry Potter and the Goblet of Fire

Kate
    $200 12
Adams and Jefferson

Kate
    $400 21
Hunt's

Liz
    $400 7
a resident

Liz
    $400 27
fertilizer

Liz
    $400 14
a blank check

Kate
    $400 2
Firestarter

Kate
    $400 18
(Suzanne: Who is Madison?)

Monroe

Suzanne
Triple Stumper
    $600 22
United

Liz
    $600 8
CBS

Suzanne
    $600 28
(Kate: What is wheat?)

corn

SuzanneKate
    $600 15
the Black Death

Kate
    $600 3
Catching Fire

Suzanne
    $600 19
Calvin Coolidge

Triple Stumper
    $800 23
Miller

Liz
    $800 9
Zach Galifianakis

Liz
    $800 29
rotation

Kate
    $1,000 16
the Coast Guard

Kate
    $800 4
Bonfire of the Vanities

Suzanne
    $800 20
West Point

Kate
    $1000 24
Tide

Triple Stumper
    $1000 10
Channel Zero

Triple Stumper
    $1000 30
from animals to humans

Kate
    $1000 17
night court

Suzanne
    $1000 5
The Fire Next Time

Liz
    $1000 25
Lafayette

Triple Stumper

Scores at the first commercial break (after clue 15):

Suzanne Liz Kate
$2,200 $2,200 $2,200

Scores at the end of the Jeopardy! Round:

Suzanne Liz Kate
$3,600 $4,400 $5,200

Double Jeopardy! Round responses

PUB MED
"OO"DLES OF WORDS
GREAT BRITS
THE LAW OF THE LAND
(Alex: We'll tell you about the law. You identify the land for us.)
AT THE MOVIES
FIREWORKS ON THE FOURTH OF JULY
    $400 13
the eye

Liz
    $400 6
a darkroom

Suzanne
    $400 20
Florence Nightingale

Kate
    $400 4
Puerto Rico

Liz
    $400 1
Forest Whitaker

Liz
    $400 26
a bottle rocket

Liz
    $800 14
Dr. Spock

Suzanne
    $800 8
monsoon

Liz
    $800 21
Darwin

Liz
    $800 12
North Korea

Triple Stumper
    $800 2
Ebbing, Missouri

Suzanne
    $800 27
a sparkler

Kate
    $3,000 15
the pancreas

Suzanne
    $1200 9
maroon

Liz
    $1200 22
William Wallace

Liz
    $1200 18
Haiti

Liz
    $1200 3
The Lost Boys

Kate
    $1200 28
a (weeping) willow

Suzanne
    $1600 16
chronic traumatic encephalopathy

Liz
    $1600 10
a boomer

Triple Stumper
    $1600 23
Turner

Liz
    $1600 19
Sri Lanka

Kate
    $1600 5
Hugh Jackman

Kate
    $1600 29
China

Kate
    $2000 17
Kinsey

Suzanne
    $2000 11
the wahoo

Kate
    $2,000 24
(Alex: Liz?)
(Liz: I don't know.)

Bertrand Russell

Liz
    $2000 25
(Alex: And by the way, all of those clues came from the CIA's World Factbook.)

Israel

Suzanne
    $2000 7
The Manchurian Candidate

Suzanne
    $2000 30
St. Catherine

Liz

Scores at the end of the Double Jeopardy! Round:

Suzanne Liz Kate
$15,800 $14,400 $14,400

[wagering suggestions for these scores]

Final Jeopardy! Round responses

CLASSIC ROCK
(Alex: [To Kate] Woodstock was the music festival.)
KateWho are Crosby Stills + Nash?
$14,350
LizWho are Crosby, Stills & Nash?
$14,400
SuzanneWho Crosby Stills and Nash?
$13,001
Crosby, Stills and Nash

Final scores:

Suzanne Liz Kate
$28,801 $28,800 $28,750
3-day champion: $63,601 2nd place: $2,000 3rd place: $1,000

Game dynamics:

Coryat scores:

Suzanne Liz Kate
$14,000 $16,400 $14,200
15 R
(including 1 DD),
1 W
19 R,
1 W
(including 1 DD)
18 R
(including 1 DD),
1 W

Combined Coryat: $44,600

The J! Archive is created by fans, for fans. The Jeopardy! game show and all elements thereof, including but not limited to copyright and trademark thereto, are the property of Jeopardy Productions, Inc. and are protected under law. This website is not affiliated with, sponsored by, or operated by Jeopardy Productions, Inc. Join the discussion at JBoard.tv.